000 02593nam a2200457 a 4500
003 BLK
005 20250723110138.0
008 180911b bul|||||r ||||||| ||bul||
010 _a002000
040 _aBLK
041 _aBUL
_cBUL
080 _z821.163.2.09
_aБългарска литература
_b821.163.2
_x.09
100 _aПопвасилев, Стефан
_eпърви автор
_9421818
139 _aПопвасилев, Стефан
245 0 0 _aСтроители на родната реч
_bОчерци върху езика и стила на наши писатели : Кн. 1 - 4
_cСтефан Т. Попвасилев
_nКн. 4
260 _aСофия
_bБълг. писател
_c1954-1971
300 _c21 см
_a172 с.
380 _a82
490 _aЧастна колекция - Академик Михаил Арнаудов
_gДарение - Основен фонд
500 _aАвтограф с текст: На своя предраг учител академик М. Арнаудов с най-добри чувства на уважение и обич. Ст. П. Василев, София, 25. ІХ. 971
505 _tСъдържа очерци върху езика и стила на Ив. Вазов, Й. Йовков, А. Каменова, П. Вежинов, Й. Радичков, Н. Лилиев, Хр. Смирненски, Г. Милев, Ламар, В. Петров, Ив. Д. Шишманов, Б. Пенев.
600 0 _9418297
_aВазов, Иван
600 0 _9422749
_aЙовков, Йордан
600 1 4 _975749
_aКаменова, Ана
600 0 _aВежинов, Павел
_d1914–1983
_qГугов, Никола Делчев
_9249347
600 1 4 _aРадичков, Йордан Димитров
_d1929-2004
_9429765
600 0 _aЛилиев, Николай
_qПопиванов, Николай Михайлов
_d1885-1960
_988821
600 0 _9243148
_aСмирненски, Христо
600 0 _9404009
_aЛамар
600 0 _aПетров, Валери
_d1920 - 2014
_qМеворах, Валери Нисим
_9363347
600 1 4 _aШишманов, Иван Димитров
_9143639
650 _aКритика
_9159735
655 _aбългарско литературознание
760 _h172 с.
_oКн. 4
_aПопвасилев, Стефан
852 _aМА 974
_bМА
852 _aЦб 308941
_bЦб
942 _cKNG
_n0
_s1
_01
944 _aCR
_c1996
_k30535
_lХристина Везирева
944 _aED
_c2021-08-09
_kРенета Константинова
999 _c345911
_d345911
999 _d345911